00396nam a2200121Ia 4500008004100000041000800041100002100049245004900070260001900119650001500138999001900153952010200172231219s9999 xx 000 0 und d aeng aGailtinam / Paul aMarketing Management Strategy and Programing bM.G.H Newyork  aManagement c975167d975167 00104070aMCMbMCMd2023-12-21g122.00l0pMCM-56BB0000964r2023-12-21 00:00:00w2023-12-21yBK